Webový portál Slovenskej spoločnosti priemyselnej chémie bakalárska práca
Saved in:
| Main Author: | |
|---|---|
| Format: | Book |
| Language: | Slovak |
| Published: |
Bratislava
STU FCHPT
2014
|
| Online Access: | View in OPAC |
| Tags: |
No Tags, Be the first to tag this record!
|
MARC
| LEADER | 00000nam a2200000 a 4500 | ||
|---|---|---|---|
| 005 | 20260127133923.0 | ||
| 008 | 140926 2014 000 0 slo d | ||
| 035 | |a vtls010624411 | ||
| 039 | 9 | |y 201409260938 |z mschk03 | |
| 040 | |a STUSCHK1 |b slo |c STUSCHK1 |e AACR2 | ||
| 100 | 1 | |a Stupavský, Igor | |
| 245 | 1 | |a Webový portál Slovenskej spoločnosti priemyselnej chémie |b bakalárska práca |c Igor Stupavský | |
| 260 | |a Bratislava |b STU FCHPT |c 2014 | ||
| 300 | |a 44 s. |b obr. |c 30 cm | ||
| 500 | |a Obhájené: 15.7.2014 | ||
| 500 | |a Štud. program: automatizácia, informatizácia a manažment v chémii a potravinárstve | ||
| 500 | |a Štud. odbor: automatizácia, priemyselné inžinierstvo | ||
| 500 | |a Školiace pracovisko: Ústav informatizácie, automatizácie a matematiky | ||
| 500 | |a Evid. číslo: FCHPT-5415-50946 | ||
| 910 | |a SCHK95 | ||
| 999 | |c 79 |d 79 | ||